000 00853nam a2200205 i 4500
001 125047
003 ES-MaACL
005 20230906192536.0
007 t|
008 070427s1930 sp ||||1| spa d
100 1 _aLópez Valencia, José María.
_974014
245 1 0 _aAntecedentes estadísticos de una tabla de mortalidad de un grupo profesional /
_cpor José Mª López Valencia.
260 _aMadrid :
_b[s.n.],
_c1930 (
_fImprenta y Encuadernación de los Sobrinos de la Sucesora de M. Minuesa de los Ríos)
300 _a23 p. ;
_c21 cm.
490 1 _aPublicaciones del Instituto Nacional de Previsión ;
_v248
500 _aSeparado del núm. 87 de los Anales del Instituto Nacional de Previsión.
830 0 _aPublicaciones del Instituto Nacional de Previsión ;
_v248
_9181151
852 _aES-MaACL
_jC-12624(13)
999 _c125047
_d125047